书目信息 |
| 题名: |
问梦
|
|
| 作者: | 王俊 , 李晓春 主编 | |
| 分册: | ||
| 出版信息: | 兰州 甘肃科学技术出版社 2014 |
|
| 页数: | 190页 | |
| 开本: | 23cm | |
| 丛书名: | 《接力中国梦》系列丛书 | |
| 单 册: | ||
| 中图分类: | D616-49 | |
| 科图分类: | ||
| 主题词: | 社会主义建设模式--中国--青少年读物 | |
| 电子资源: | ||
| ISBN: | 978-7-5424-2012-1 | |
| 000 | 01089nam0 2200277 450 | |
| 001 | 338266 | |
| 005 | 20150601163216.26 | |
| 010 | @a978-7-5424-2012-1@dCNY25.00 | |
| 100 | @a20150130d2014 em y0chiy50 ea | |
| 101 | 0 | @achi |
| 102 | @aCN@b620000 | |
| 105 | @ay z 000yy | |
| 106 | @ar | |
| 200 | 1 | @a问梦@Awen meng@e青春有梦永无悔@f王俊, 李晓春主编 |
| 210 | @a兰州@c甘肃科学技术出版社@d2014 | |
| 215 | @a190页@d23cm | |
| 225 | 1 | @a《接力中国梦》系列丛书 |
| 330 | @a中国梦顺应了当今中国的发展大势, 昭示了党和国家走向未来的宏伟图景;顺应了全国各族人民创造美好未来的热切期盼, 反映了全体中华儿女梦寐以求的共同心愿;顺应了世界进步的潮流, 展示了中国为人类文明作出更大贡献的意愿。本书通过阐释中国梦蓝图、民族复兴、科技创新、梦想憧憬构筑梦想, 取得人生成功。 | |
| 410 | 0 | @12001 @a《接力中国梦》系列丛书 |
| 517 | 1 | @a青春有梦永无悔@Aqing chun you meng yong wu hui |
| 606 | 0 | @a社会主义建设模式@y中国@j青少年读物 |
| 690 | @aD616-49@v5 | |
| 701 | 0 | @a王俊@Awang jun@4主编 |
| 701 | 0 | @a李晓春@Ali xiao chun@4主编 |
| 801 | 0 | @aCN@b卓展宏图@c20150525 |
| 905 | @dD616-49@e162@f4 | |
| 问梦:青春有梦永无悔/王俊, 李晓春主编.-兰州:甘肃科学技术出版社,2014 |
| 190页;23cm.-(《接力中国梦》系列丛书) |
| ISBN 978-7-5424-2012-1:CNY25.00 |
| 中国梦顺应了当今中国的发展大势, 昭示了党和国家走向未来的宏伟图景;顺应了全国各族人民创造美好未来的热切期盼, 反映了全体中华儿女梦寐以求的共同心愿;顺应了世界进步的潮流, 展示了中国为人类文明作出更大贡献的意愿。本书通过阐释中国梦蓝图、民族复兴、科技创新、梦想憧憬构筑梦想, 取得人生成功。 |
| ● |
| 相关链接 |
|
|
|
|
正题名:问梦
索取号:D616-49/162
 
预约/预借
| 序号 | 登录号 | 条形码 | 馆藏地/架位号 | 状态 | 备注 |
| 1 | 861495 | 208614953 | 第一样本阅览室/ [索取号:D616-49/162] | 在馆 | |
| 2 | 861496 | 208614962 | 第一借阅区/ [索取号:D616-49/162] | 在馆 | |
| 3 | 861497 | 208614971 | 第一借阅区/ [索取号:D616-49/162] | 在馆 | |
| 4 | 861498 | 208614980 | 第一借阅区/ [索取号:D616-49/162] | 在馆 |